Producto bruto geográfico de la Provincia de Salta (Registro nro. 8079)
[ vista simple ]
| 000 -LEADER | |
|---|---|
| fixed length control field | 00876 a2200241 4500 |
| 001 - CONTROL NUMBER | |
| control field | 63268 |
| 005 - DATE AND TIME OF LATEST TRANSACTION | |
| control field | 20260407155929.0 |
| 008 - FIXED-LENGTH DATA ELEMENTS--GENERAL INFORMATION | |
| fixed length control field | 260407a2010 arg spa d |
| 003 - CONTROL NUMBER IDENTIFIER | |
| control field | AR-UNSa-BCEJYS |
| 040 ## - CATALOGING SOURCE | |
| Original cataloging agency | AR-UNSa-BCEJYS |
| Language of cataloging | spa |
| Transcribing agency | AR-UNSa-BCEJYS |
| 080 ## - UNIVERSAL DECIMAL CLASSIFICATION NUMBER | |
| Universal Decimal Classification number | 330.52 |
| Common auxiliary subdivision | Riqueza nacional. Propiedad nacional (PBG) |
| 041 ## - LANGUAGE CODE | |
| Language code of text/sound track or separate title | spa |
| 100 1# - MAIN ENTRY--PERSONAL NAME | |
| Personal name | Salta. Dirección General de Estadísticas |
| 245 10 - TITLE STATEMENT | |
| Title | Producto bruto geográfico de la Provincia de Salta |
| Name of part/section of a work | Años 1993-2009 |
| 264 #1 - PRODUCTION, PUBLICATION, DISTRIBUTION, MANUFACTURE, AND COPYRIGHT NOTICE | |
| Place of production, publication, distribution, manufacture | Salta : |
| Name of producer, publisher, distributor, manufacturer | Dirección General de Estadística |
| Date of production, publication, distribution, manufacture, or copyright notice | 2010 |
| 300 ## - PHYSICAL DESCRIPTION | |
| Extent | 65 p. |
| Dimensions | 29 cm. |
| 590 ## - LOCAL NOTE (RLIN) | |
| Local note | niveau_biblio:m niveau_hierar:0 |
| 650 ## - SUBJECT ADDED ENTRY--TOPICAL TERM | |
| Topical term or geographic name entry element | PRODUCTO BRUTO GEOGRÁFICO |
| 650 ## - SUBJECT ADDED ENTRY--TOPICAL TERM | |
| Topical term or geographic name entry element | producto bruto geografico |
| 700 1# - ADDED ENTRY--PERSONAL NAME | |
| Personal name | Consejo Federal de Inversiones (CFI) |
| 856 41 - ELECTRONIC LOCATION AND ACCESS | |
| Uniform Resource Identifier | <a href="http://www.biblioeco.unsa.edu.ar/pmb/images/libros/L129393.jpg">http://www.biblioeco.unsa.edu.ar/pmb/images/libros/L129393.jpg</a> |
| Link text | Imagen de portada |
| Electronic format type | image/jpeg |
| 942 ## - ADDED ENTRY ELEMENTS (KOHA) | |
| Koha item type | |
| Withdrawn status | Lost status | Damaged status | Not for loan | Home library | Current library | Shelving location | Date acquired | Total checkouts | Full call number | Barcode | Date last seen | Price effective from | Koha item type |
|---|---|---|---|---|---|---|---|---|---|---|---|---|---|
| Biblioteca Prof. Eusebio Cleto del Rey | Biblioteca Prof. Eusebio Cleto del Rey | 07/04/2026 | R330.52 S176/2009 | L129393 | 07/04/2026 | 07/04/2026 | Libro |